[Event "50th Sparkassen Open A"]
[Site "Dortmund GER"]
[Date "2023.07.01"]
[Round "8.6"]
[White "Muthaiah, AL"]
[Black "Bluebaum, Matthias"]
[Result "1/2-1/2"]
[WhiteTitle "IM"]
[BlackTitle "GM"]
[WhiteElo "2439"]
[BlackElo "2672"]
[WhiteFideId "5092442"]
[BlackFideId "24651516"]
[EventDate "2023.06.24"]

1. d4 Nf6 2. c4 e6 3. Nc3 d5 4. Nf3 c6 5. e3 Nbd7 6. Be2 Bd6 7. O-O O-O 8. b3
Ne4 9. Bb2 f5 10. Ne1 b6 11. f3 Qh4 12. f4 Qe7 13. Nf3 Bb7 14. Rc1 c5 15. Nxe4
dxe4 16. Ne5 Rad8 17. Qe1 cxd4 18. Nxd7 Rxd7 19. Bxd4 Bxf4 20. Rxf4 e5 21. Bxe5
Qxe5 22. g4 g6 23. gxf5 gxf5 24. Kf2 Rf6 25. Rd1 Rxd1 26. Qxd1 Qe7 27. h4 Bc6
28. h5 Kg7 29. Qd4 Kh6 30. b4 Rf8 31. a3 Rd8 32. Qc3 Bd7 33. Qa1 Qg7 34. Qd4 Qe7
35. Qa1 Bc8 36. Ke1 Qg7 37. Qxg7+ Kxg7 38. Rf2 Be6 39. Rg2+ Kh6 40. Rf2 Rd7 41.
Rf1 Rd6 42. Rf2 Rd8 43. Rf1 Rd7 44. Rf2 Kg5 45. Rg2+ Kf6 46. h6 Ke5 47. Rg5 Rf7
48. Rg7 Rxg7 49. hxg7 Kf6 50. Kf2 Kxg7 51. Kg3 Kf6 52. Kf4 Bf7 53. c5 bxc5 54.
bxc5 Be6 55. Ba6 Ke7 56. Ke5 h5 57. c6 h4 58. Bf1 Bc8 59. Bh3 a5 60. a4 Be6 61.
c7 Bd7 62. Bxf5 Bxf5 63. Kxf5 Kd7 64. Kxe4 Kxc7 65. Kf4 Kd6 66. Kg4 Ke5 67. Kxh4
Ke4 68. Kg4 Kxe3 69. Kg3 Kd3 70. Kf3 Kc3 71. Ke3 Kb4 72. Kd3 Kb3 73. Kd2 Kxa4
74. Kc1 Kb3 75. Kb1 a4 76. Ka1 a3 77. Kb1 a2+ 78. Ka1 Ka3 1/2-1/2

[Event "50th Sparkassen Open A"]
[Site "Dortmund GER"]
[Date "2023.07.01"]
[Round "8.8"]
[White "Kamsky, Gata"]
[Black "Sammed Jaykumar, Shete"]
[Result "1/2-1/2"]
[WhiteTitle "GM"]
[BlackTitle "IM"]
[WhiteElo "2659"]
[BlackElo "2440"]
[WhiteFideId "2000024"]
[BlackFideId "5073421"]
[EventDate "2023.06.24"]

1. d4 Nf6 2. Bf4 d5 3. e3 c5 4. c3 Nc6 5. Nd2 a6 6. Ngf3 cxd4 7. exd4 Bf5 8. a4
e6 9. Be2 h6 10. O-O Be7 11. Ne5 Nxe5 12. Bxe5 b6 13. Re1 O-O 14. Bf1 Bd6 15.
Nb3 Ng4 16. Bxd6 Qxd6 17. g3 Nf6 18. f3 Rfb8 19. Nc1 Qc7 20. Bd3 Bxd3 21. Nxd3
a5 22. Qe2 b5 23. axb5 Rxb5 24. Nc5 Qb6 25. Ra2 Rb8 26. Nd3 Ne8 27. Qf2 Nd6 28.
Re2 Qc6 29. Ne5 Qc7 30. Ra1 Qb7 31. Nd3 Qc6 32. g4 Ra8 33. Kg2 a4 34. Nc5 Rb6
35. h4 Rbb8 36. Kh3 Nb7 37. Nd3 Nd6 38. Nc5 Nb7 39. Nd3 Nd6 1/2-1/2

[Event "50th Sparkassen Open A"]
[Site "Dortmund GER"]
[Date "2023.07.01"]
[Round "8.9"]
[White "Wagner, Dennis"]
[Black "Parvanyan, Ashot"]
[Result "1-0"]
[WhiteTitle "GM"]
[BlackTitle "IM"]
[WhiteElo "2598"]
[BlackElo "2425"]
[WhiteFideId "24650684"]
[BlackFideId "13307550"]
[EventDate "2023.06.24"]

1. d4 Nf6 2. c4 e6 3. Nc3 Bb4 4. e3 O-O 5. Bd3 d5 6. cxd5 exd5 7. a3 Bxc3+ 8.
bxc3 b6 9. Ne2 c5 10. O-O Ba6 11. f3 Re8 12. Ng3 Bxd3 13. Qxd3 Nc6 14. Bb2 Rc8
15. e4 cxd4 16. cxd4 dxe4 17. fxe4 Ne5 18. Qe2 Nc4 19. Rae1 Qd7 20. Rxf6 Nxb2
21. Nf5 Qa4 22. Qg4 g6 23. Nh6+ Kh8 24. e5 Nd3 25. Nxf7+ Kg7 26. Ref1 Rc1 27.
Qh4 Qxa3 28. Qh6+ 1-0

[Event "50th Sparkassen Open A"]
[Site "Dortmund GER"]
[Date "2023.07.01"]
[Round "8.10"]
[White "Prohaszka, Peter2"]
[Black "Materia, Marco"]
[Result "1-0"]
[WhiteTitle "GM"]
[BlackTitle "IM"]
[WhiteElo "2585"]
[BlackElo "2436"]
[WhiteFideId "726265"]
[BlackFideId "45150451"]
[EventDate "2023.06.24"]

1. Nf3 d5 2. g3 c5 3. Bg2 Nf6 4. O-O Nc6 5. d4 cxd4 6. Nxd4 e5 7. Nxc6 bxc6 8.
c4 Be6 9. Nc3 Rc8 10. cxd5 cxd5 11. Qa4+ Qd7 12. Qxd7+ Kxd7 13. Rd1 Bc5 14. Na4
Be7 15. Bg5 Ng4 16. Bxe7 Kxe7 17. Bxd5 Rc2 18. Bxe6 Kxe6 19. h3 Nf6 20. Kf1 Rhc8
21. Rd3 Ne4 22. Rad1 R8c4 23. Nc3 Rxb2 24. Nxe4 Rxe4 25. Rd7 Rb1 26. Rd6+ Ke7
27. Rd7+ Ke6 28. Rxb1 Kxd7 29. Rb7+ Ke6 30. Rxa7 h5 31. a4 g6 32. Ra8 Kf6 33. h4
Rb4 34. a5 Ra4 35. Ke1 Ra1+ 36. Kd2 Ra2+ 37. Kd3 Ra3+ 38. Ke4 Ra4+ 39. Kf3 Ra3+
40. Kg2 Ra2 41. Kf3 Ra3+ 42. Ke4 Ra2 43. Kd3 Ra3+ 44. Kc4 Ra2 45. Kb3 Ra1 46. e4
Ke7 47. a6 Kd6 48. Kc4 Ra2 49. f4 exf4 50. gxf4 Ke6 51. Kb5 Rb2+ 52. Kc6 Rc2+
53. Kb6 Rb2+ 54. Kc7 Ra2 55. Kd8 Ra4 56. Ra7 Kf6 57. e5+ Ke6 58. Re7+ Kd5 59. a7 1-0

[Event "50th Sparkassen Open A"]
[Site "Dortmund GER"]
[Date "2023.07.01"]
[Round "8.11"]
[White "Akesson, Ralf"]
[Black "Laurent-Paoli, Pierre"]
[Result "1/2-1/2"]
[WhiteTitle "GM"]
[BlackTitle "IM"]
[WhiteElo "2402"]
[BlackElo "2552"]
[WhiteFideId "1700120"]
[BlackFideId "26017962"]
[EventDate "2023.06.24"]

1. c4 e5 2. Nc3 Nf6 3. Nf3 e4 4. Ng5 c6 5. Ngxe4 Nxe4 6. Nxe4 d5 7. cxd5 cxd5 8.
Nc3 d4 9. Nb1 Nc6 10. d3 Be6 11. e4 dxe3 12. Bxe3 Bb4+ 13. Nc3 Qa5 14. Be2 Bxc3+
15. bxc3 Qxc3+ 16. Bd2 Qa3 17. O-O O-O 18. Bf3 Qxd3 19. Be3 Qa6 20. Qb1 Rad8 21.
Re1 Rd7 22. a4 Ne5 23. Be4 Nd3 24. Bxd3 Rxd3 25. Qb4 Rc8 26. h3 h6 27. a5 Rd5
28. Red1 Rcd8 29. Rdc1 Rb5 30. Qe7 Ra8 31. Rd1 Rd5 32. Rxd5 Bxd5 33. Qe5 Qe6 34.
Qg3 a6 35. Rd1 Rd8 36. Rd4 Qd6 37. Qg4 Re8 38. Qf5 Rd8 39. Qg4 Qe6 40. Qg3 Kh7
41. Rg4 g5 42. Bxg5 Rg8 43. Be3 1/2-1/2

[Event "50th Sparkassen Open A"]
[Site "Dortmund GER"]
[Date "2023.07.01"]
[Round "8.12"]
[White "Bailet, Pierre"]
[Black "Colpe, Malte"]
[Result "1-0"]
[WhiteTitle "GM"]
[BlackTitle "IM"]
[WhiteElo "2513"]
[BlackElo "2382"]
[WhiteFideId "655830"]
[BlackFideId "24623075"]
[EventDate "2023.06.24"]

1. e4 e5 2. Nf3 Nf6 3. Nxe5 d6 4. Nf3 Nxe4 5. Nc3 Nxc3 6. dxc3 Be7 7. Be3 Nd7 8.
Qd2 O-O 9. O-O-O Nf6 10. Bd3 Re8 11. h3 c5 12. Kb1 Qa5 13. Rhe1 Be6 14. c4 Qxd2
15. Bxd2 h6 16. b3 a6 17. a4 d5 18. Ne5 dxc4 19. Bxc4 Bxc4 20. Nxc4 b5 21. Nb6
Rad8 22. c4 bxc4 23. Nxc4 Rb8 24. Kc2 Nd5 25. Re5 Nb4+ 26. Bxb4 cxb4 27. Rde1
Kf8 28. f4 g6 29. g4 Rbd8 30. R1e2 Rd4 31. f5 gxf5 32. gxf5 Rdd8 33. R2e4 h5 34.
Re2 Rc8 35. R2e4 Rcd8 36. Ne3 Rc8+ 37. Rc4 Bg5 38. Rxc8 Rxc8+ 39. Nc4 Kg7 40.
Ra5 Kf6 41. Rxa6+ Kxf5 42. Ra7 f6 43. a5 Be3 44. Rh7 Kg5 45. Kd3 Bc5 46. Ke4 Rd8
47. Rg7+ Kh4 48. Rc7 Bf2 49. Rh7 Bc5 50. Rc7 1-0

[Event "50th Sparkassen Open A"]
[Site "Dortmund GER"]
[Date "2023.07.01"]
[Round "8.13"]
[White "Nguyen, Alex Dac-Vuong"]
[Black "Pranav, Anand"]
[Result "0-1"]
[WhiteTitle "FM"]
[BlackTitle "GM"]
[WhiteElo "2335"]
[BlackElo "2510"]
[WhiteFideId "12984388"]
[BlackFideId "46626786"]
[EventDate "2023.06.24"]

1. e4 c5 2. Nf3 Nc6 3. Bb5 e6 4. Bxc6 bxc6 5. d3 Qc7 6. Nbd2 e5 7. O-O Ne7 8. c3
Ba6 9. Nc4 Ng6 10. h4 h5 11. Re1 Be7 12. g3 Bxc4 13. dxc4 Nf8 14. Bg5 f6 15. Bd2
a5 16. b3 Ne6 17. a3 g6 18. Qe2 O-O 19. Nh2 f5 20. Bh6 Rf7 21. exf5 Rxf5 22.
Rad1 Kh7 23. Bc1 d6 24. Qd2 Bf8 25. f4 Rd8 26. fxe5 d5 27. Qe2 Qb8 28. Nf3 Qxb3
29. Ng5+ Nxg5 30. Bxg5 Re8 31. Qd3 Bg7 32. cxd5 c4 33. Qd2 cxd5 34. Rb1 Rfxe5
35. Rf1 Qxa3 36. Rb7 Qc5+ 37. Qd4 Qxd4+ 38. cxd4 Re1 39. Bf6 Rxf1+ 40. Kxf1 Rf8
41. Rxg7+ Kh6 42. Ke2 Rxf6 43. Rd7 a4 44. Rxd5 Ra6 45. Rb5 a3 46. Rb1 a2 47. Ra1
Ra3 0-1

[Event "50th Sparkassen Open A"]
[Site "Dortmund GER"]
[Date "2023.07.01"]
[Round "8.14"]
[White "Raja, Harshit"]
[Black "Tobak, Mikhail"]
[Result "1-0"]
[WhiteTitle "GM"]
[BlackTitle "FM"]
[WhiteElo "2510"]
[BlackElo "2316"]
[WhiteFideId "5089000"]
[BlackFideId "14165570"]
[EventDate "2023.06.24"]

1. e4 e5 2. Nf3 Nc6 3. Bb5 a6 4. Ba4 Nf6 5. O-O Be7 6. d3 b5 7. Bb3 O-O 8. Nc3
d6 9. a3 Rb8 10. Be3 Na5 11. Ba2 c5 12. Nd5 Nxd5 13. Bxd5 Bb7 14. Bxb7 Rxb7 15.
b4 Nc6 16. bxc5 dxc5 17. a4 Qc7 18. axb5 axb5 19. Qe2 Rc8 20. Rfb1 Nd4 21. Bxd4
cxd4 22. Ra2 Rb6 23. g3 h5 24. h4 g6 25. Qd2 b4 26. Qe2 Rc6 27. Rbb2 Kg7 28. Nd2
Rh8 29. Nf3 Rc8 30. Kg2 Rh8 31. Qd1 Re6 32. Qa1 Rc8 33. Nd2 Qd8 34. Ra7 Rc3 35.
Nc4 Bxh4 36. Ra6 Rxa6 37. Qxa6 Bf6 38. Rxb4 Rxc2 39. Rb7 h4 40. Qe6 h3+ 41. Kxh3
Qf8 42. Kg2 Rxc4 43. Qxc4 Kg8 44. Rc7 Qg7 45. Rc8+ Kh7 46. Re8 Bg5 47. Qd5 Bf6
48. Qd7 Bg5 49. Qh3+ Bh6 50. Qh4 f6 51. Re6 1-0

[Event "50th Sparkassen Open A"]
[Site "Dortmund GER"]
[Date "2023.07.01"]
[Round "8.15"]
[White "Samunenkov, Ihor"]
[Black "Pipiras, Filipa Fortuna"]
[Result "1/2-1/2"]
[WhiteTitle "IM"]
[BlackTitle "WFM"]
[WhiteElo "2499"]
[BlackElo "2269"]
[WhiteFideId "14187086"]
[BlackFideId "1944894"]
[EventDate "2023.06.24"]

1. d4 d5 2. c4 e6 3. Nc3 Nf6 4. Nf3 Be7 5. Bf4 O-O 6. e3 b6 7. Bd3 dxc4 8. Bxc4
Ba6 9. Bxa6 Nxa6 10. Qe2 Qc8 11. O-O c5 12. e4 cxd4 13. Nxd4 Rd8 14. Rfd1 Qb7
15. Bg5 Nb4 16. e5 Nfd5 17. Bxe7 Nxe7 18. Ne4 Ng6 19. Nd6 Qd7 20. N4b5 Nd5 21.
g3 a6 22. Nc3 Nxc3 23. bxc3 Qc6 24. Rd4 Qxc3 25. Rad1 Qc5 26. Re4 b5 27. h4 h6
28. Rd3 Rd7 29. h5 Ne7 30. Kg2 Qc6 31. Qf3 Nf5 32. Rc3 Qd5 33. Nxf5 exf5 34.
Qxf5 Re8 35. Kh2 Rde7 36. a3 Rxe5 37. Rxe5 Qxe5 38. Qf3 a5 39. Re3 Qb8 40. Rd3
Qc7 41. Rc3 Qb8 42. Rd3 Rd8 43. Rxd8+ Qxd8 44. Qb7 Qe8 45. Qc7 a4 46. Qc5 Qd7
47. Qe5 Qb7 48. Qc5 Qd7 49. Qe5 Qc6 50. Qd4 Qc2 51. Kg2 Qc8 52. Qd6 Qf5 53. Qd1
Qe4+ 54. Kh2 Qe5 55. Qd8+ Kh7 56. Qd3+ f5 57. f4 Qc5 58. Kh3 Kg8 59. Qd8+ Kh7
60. Qd3 Kg8 1/2-1/2

[Event "50th Sparkassen Open A"]
[Site "Dortmund GER"]
[Date "2023.07.01"]
[Round "8.16"]
[White "Garner, Isaac"]
[Black "Guo, Arthur"]
[Result "0-1"]
[BlackTitle "IM"]
[WhiteElo "2359"]
[BlackElo "2445"]
[WhiteFideId "16239261"]
[BlackFideId "30903114"]
[EventDate "2023.06.24"]

1. Nf3 Nf6 2. c4 e6 3. g3 d5 4. Bg2 dxc4 5. Qa4+ Bd7 6. Qxc4 c5 7. Ne5 Qc8 8.
Qd3 Nc6 9. Nxd7 Nxd7 10. Nc3 Be7 11. Qb5 O-O 12. O-O a6 13. Qb3 b5 14. d3 Nd4
15. Qd1 Rb8 16. Bd2 Qc7 17. Rc1 Qb6 18. e3 Nc6 19. d4 c4 20. b3 cxb3 21. axb3
Nb4 22. Ne4 Nd5 23. Nc3 Nb4 24. Ne4 Nd5 25. Nc3 N7f6 26. e4 Nxc3 27. Bxc3 Rbc8
28. Qd2 h6 29. e5 Nd5 30. Bxd5 exd5 31. f4 b4 32. Bb2 Qb5 33. Rc2 a5 34. Rfc1
Qa6 35. Rc7 Rxc7 36. Rxc7 Bd8 37. Rc5 a4 38. bxa4 Qxa4 39. Rxd5 Bb6 40. Qc1 Qa6
41. Rd6 Rc8 42. Qf1 Qa2 43. Bc1 Ba7 44. Be3 Qb3 45. Bf2 Qc2 46. Ra6 Qd2 0-1

[Event "50th Sparkassen Open A"]
[Site "Dortmund GER"]
[Date "2023.07.01"]
[Round "8.17"]
[White "Karthik, Rajaa"]
[Black "Samant, Aditya S"]
[Result "0-1"]
[WhiteTitle "FM"]
[BlackTitle "IM"]
[WhiteElo "2276"]
[BlackElo "2503"]
[WhiteFideId "25035215"]
[BlackFideId "35080580"]
[EventDate "2023.06.24"]

1. Nf3 Nf6 2. c4 e6 3. g3 d5 4. Bg2 c6 5. b3 Bd6 6. Bb2 O-O 7. O-O Qe7 8. d4 Ne4
9. Nbd2 f5 10. Ne5 Nd7 11. Nd3 g5 12. Nf3 h5 13. Nfe5 Qg7 14. f3 Nef6 15. Qd2
Bc7 16. e4 Rd8 17. cxd5 cxd5 18. exf5 exf5 19. Kh1 Nf8 20. Rac1 Ne6 21. Qf2 Bd6
22. h4 b6 23. hxg5 Nxg5 24. Nf4 Ba6 25. Rfe1 Rac8 26. Bf1 Bxf1 27. Qxf1 Qh6 28.
Ng2 Nf7 29. Qd3 Qg5 30. Kh2 Re8 31. Rxc8 Rxc8 32. Qe3 Rc2 33. Qxg5+ Nxg5 34. Bc1
Ne6 35. Be3 Rxa2 36. Rc1 Bxe5 37. dxe5 Nd7 38. Bf4 Ndc5 39. Kg1 Nd4 40. Rf1
Ncxb3 0-1

[Event "50th Sparkassen Open A"]
[Site "Dortmund GER"]
[Date "2023.07.01"]
[Round "8.18"]
[White "Ponomariov, Ruslan"]
[Black "Dedebas, Emre Emin"]
[Result "1-0"]
[WhiteTitle "GM"]
[BlackTitle "FM"]
[WhiteElo "2664"]
[BlackElo "2305"]
[WhiteFideId "14103320"]
[BlackFideId "6349005"]
[EventDate "2023.06.24"]

1. Nf3 d5 2. g3 Nf6 3. Bg2 e6 4. O-O Be7 5. c4 O-O 6. d4 c6 7. Qc2 b6 8. Rd1 Bb7
9. Nc3 Nbd7 10. b3 Rc8 11. e4 dxe4 12. Nxe4 Nxe4 13. Qxe4 Qc7 14. Bf4 Bd6 15.
Bxd6 Qxd6 16. c5 Qe7 17. b4 Rfd8 18. Rac1 Nf6 19. Qe1 Nd5 20. Ne5 h6 21. a3 b5
22. Ra1 Ba6 23. f4 Re8 24. Bf1 Bb7 25. a4 a6 26. Bg2 Qc7 27. Qd2 Red8 28. Be4 f6
29. Nf3 Rd7 30. Re1 Rcd8 31. Bc2 Re7 32. Re2 Bc8 33. Rae1 Bd7 34. Kf2 Qc8 35.
axb5 cxb5 36. Qd3 f5 37. Qb3 g6 38. Nh4 Rg7 39. Nf3 Re7 40. Bb1 Be8 41. Ba2 Nc7
42. Qb2 Nd5 43. h4 Bf7 44. Bxd5 Rxd5 45. Re5 Rxe5 46. Nxe5 Be8 47. Qa2 Qb7 48.
Qb3 Kh7 49. Qf3 Qxf3+ 50. Kxf3 Kg7 51. Ra1 Ra7 52. Ke3 Kf6 53. d5 exd5 54. Kd4
Ke6 55. Re1 Ra8 56. Nc4+ Kf6 57. Nb6 Rd8 58. Ra1 1-0

[Event "50th Sparkassen Open A"]
[Site "Dortmund GER"]
[Date "2023.07.01"]
[Round "8.19"]
[White "Rathanvel, V S"]
[Black "Le Goff, Ronan"]
[Result "1-0"]
[WhiteTitle "IM"]
[BlackTitle "FM"]
[WhiteElo "2463"]
[BlackElo "2300"]
[WhiteFideId "25002112"]
[BlackFideId "612073"]
[EventDate "2023.06.24"]

1. e4 e5 2. Nf3 Nc6 3. Bb5 a6 4. Ba4 Nf6 5. O-O Be7 6. Re1 b5 7. Bb3 d6 8. c3
O-O 9. h3 Nb8 10. d4 Nbd7 11. Nbd2 Bb7 12. Bc2 Re8 13. Nf1 Bf8 14. Ng3 g6 15. a4
Bg7 16. Bd3 c6 17. Bg5 h6 18. Be3 Kh7 19. Qb3 Qe7 20. Rad1 Rab8 21. Qc2 Ba8 22.
b4 c5 23. d5 Rec8 24. Qa2 cxb4 25. cxb4 Nb6 26. axb5 axb5 27. Bxb6 Rxb6 28. Rc1
Rcb8 29. Rc3 Ne8 30. Rec1 Bb7 31. Qe2 Qd7 32. Nd2 Rc8 33. Rxc8 Bxc8 34. Nb3 h5
35. Na5 Bh6 36. Rc3 Qd8 37. Bxb5 Nc7 38. Bd3 Bd7 39. Qc2 Nb5 40. Bxb5 Rxb5 41.
Nc6 Qg5 42. Nf1 Rb6 43. Qa2 Rb7 44. Qa6 1-0

[Event "50th Sparkassen Open A"]
[Site "Dortmund GER"]
[Date "2023.07.02"]
[Round "9.1"]
[White "Dudin, Gleb"]
[Black "Svane, Frederik"]
[Result "1/2-1/2"]
[WhiteTitle "IM"]
[BlackTitle "GM"]
[WhiteElo "2486"]
[BlackElo "2603"]
[WhiteFideId "34184934"]
[BlackFideId "12923044"]
[EventDate "2023.06.24"]

1. d4 Nf6 2. c4 e6 3. Nf3 d5 4. g3 Be7 5. Bg2 O-O 6. O-O dxc4 7. Qc2 a6 8. a4
Bd7 9. Rd1 Bc6 10. Bg5 b5 11. Bxf6 Bxf6 12. Nc3 Qe8 13. e4 g6 14. h4 Nd7 15.
axb5 axb5 16. Rxa8 Qxa8 17. d5 exd5 18. exd5 Bb7 19. Nxb5 Qa5 20. Qxc4 Ba6 21.
Bf1 Ne5 22. Nxe5 Bxe5 23. Qc6 Bxb5 24. Bxb5 Bxb2 25. d6 cxd6 26. Rxd6 Rd8 27.
Rxd8+ Qxd8 28. Qe8+ Qxe8 29. Bxe8 1/2-1/2

[Event "50th Sparkassen Open A"]
[Site "Dortmund GER"]
[Date "2023.07.02"]
[Round "9.2"]
[White "Kobo, Ori"]
[Black "Donchenko, Alexander"]
[Result "0-1"]
[WhiteTitle "GM"]
[BlackTitle "GM"]
[WhiteElo "2556"]
[BlackElo "2667"]
[WhiteFideId "2812320"]
[BlackFideId "24603295"]
[EventDate "2023.06.24"]

1. e4 c5 2. Nc3 Nc6 3. Nf3 g6 4. Bb5 Bg7 5. O-O d6 6. e5 dxe5 7. Bxc6+ bxc6 8.
d3 Qc7 9. Re1 Rb8 10. h3 Nh6 11. Nxe5 Bxe5 12. Bxh6 f6 13. Ne4 Kf7 14. b3 Bxa1
15. Qxa1 Rd8 16. Qc3 Rd5 17. Nxc5 g5 18. h4 gxh4 19. Re4 h3 20. Bf4 e5 21. Be3
Bf5 22. Ra4 Rg8 23. g3 e4 24. Kh2 exd3 25. Nxd3 Bxd3 26. cxd3 a5 27. Rf4 Qd6 28.
Qc4 h5 29. Kxh3 Rg4 30. Rxg4 Qe6 31. Kg2 hxg4 32. Kf1 Rh5 33. Qf4 Rh1+ 34. Ke2
Ra1 35. Qc7+ Kg6 36. Qxa5 Qxb3 37. axb3 Rxa5 38. Kd2 Kf5 39. Kc3 Ke6 40. b4 Ra1
41. Kc4 Rb1 42. Kc5 Kd7 43. Kc4 f5 44. Kc5 Rb2 45. Kc4 Ke6 46. Kc3 Re2 47. Kc4
f4 48. Bxf4 Rxf2 49. Kd4 Rf1 50. Bc7 Rb1 51. Kc4 Kd7 52. Bf4 Kc8 53. Kc5 Kb7 54.
Kc4 Kb6 55. Be3+ Ka6 56. Kc5 Kb7 57. Bf4 Rb2 58. Bd6 Rf2 59. Be5 Rc2+ 60. Kd6
Rd2 61. d4 Rb2 62. Ke6 Rxb4 63. d5 c5 64. d6 Rb6 65. Kd5 Rb1 66. Kxc5 Rd1 67.
Bf4 Kc8 68. Kc6 Kd8 69. Bg5+ Ke8 70. Bf4 Kf7 71. Kc5 Ke6 72. Kc4 Rd5 73. Kc3 Kf5
74. Kc4 Ke4 75. Kc3 Rd4 76. Kb3 Kd3 77. Be5 Rd5 78. Bf4 Rb5+ 79. Ka4 Kc4 80. Ka3
Kc3 81. Ka2 Rd5 82. Kb1 Kb3 83. Kc1 Rd4 84. Be5 Rd3 85. Bf4 Rd5 86. Be3 Rxd6 87.
Bf4 Rd3 88. Be5 Kc4 89. Kc2 Re3 90. Bf4 Re2+ 91. Kd1 Kd3 92. Kc1 Ke4 93. Kd1 Kf3
94. Bc7 Rg2 95. Ke1 Rg1+ 96. Kd2 Rxg3 0-1

[Event "50th Sparkassen Open A"]
[Site "Dortmund GER"]
[Date "2023.07.02"]
[Round "9.3"]
[White "Adams, Michael"]
[Black "Prohaszka, Peter2"]
[Result "0-1"]
[WhiteTitle "GM"]
[BlackTitle "GM"]
[WhiteElo "2666"]
[BlackElo "2585"]
[WhiteFideId "400041"]
[BlackFideId "726265"]
[EventDate "2023.06.24"]

1. e4 e5 2. Nf3 Nc6 3. Bb5 Nf6 4. d3 Bc5 5. c3 O-O 6. O-O d5 7. Nbd2 dxe4 8.
dxe4 a5 9. Qc2 Qe7 10. a4 Nb8 11. h3 Rd8 12. Re1 h6 13. Bf1 Nbd7 14. Nc4 b6 15.
Bd2 Ba6 16. b3 Qe6 17. Rad1 Bf8 18. Be3 Bb7 19. Bd3 Re8 20. Ncd2 Ba6 21. Bxa6
Rxa6 22. Nc4 Qc6 23. Bc1 b5 24. axb5 Qxb5 25. Nfd2 Rb8 26. Ba3 a4 27. b4 c5 28.
bxc5 Qc6 29. Ra1 Re8 30. Bb4 Nxc5 31. Ra2 Nfd7 32. Rd1 Rea8 33. Ra3 Ne6 34. Rb1
Bc5 35. Qd1 Nf4 36. Qf1 Kh7 37. g3 Ne6 38. h4 Bxb4 39. cxb4 Nd4 40. Na5 Qb5 41.
Qd1 Rf6 42. Kg2 Rc8 43. Rb2 Nc5 44. Qf1 Qxf1+ 45. Kxf1 Ncb3 46. Naxb3 axb3 47.
Nxb3 Rc3 48. b5 Rb6 49. Nxd4 Rxa3 50. Nc6 f6 51. h5 Rc3 52. Ne7 Rc5 53. Rd2
Rcxb5 54. Nf5 Rb8 55. Kg2 R5b7 56. Kh3 Rb2 57. Rxb2 Rxb2 58. f3 g6 59. hxg6+
Kxg6 60. g4 h5 61. gxh5+ Kxh5 62. Kg3 Kg5 63. Ne7 Rd2 64. Nf5 Rd3 65. Ne7 Ra3
66. Nf5 Kg6 67. Nd6 Rb3 68. Nf5 Kf7 69. Nd6+ Ke6 70. Nf5 Ra3 71. Ng7+ Ke7 72.
Nf5+ Kd7 73. Nh6 Ra1 74. Kg2 Ra8 75. Kg3 Rh8 76. Nf5 Rg8+ 77. Kf2 Rg5 78. Ne3
Kd6 79. Nf5+ Kc5 80. Ke3 Rg8 81. Kd3 Ra8 82. Ke3 Ra2 83. Ne7 Kd6 84. Nf5+ Ke6
85. Nh6 Ke7 86. Kd3 Kf8 87. Ke3 Kg7 88. Nf5+ Kg6 89. Ne7+ Kg5 90. Nd5 Rb2 91.
Kd3 Rb7 92. Ke3 Rd7 93. Nc3 Rd6 94. Nd5 Rd7 95. Nc3 Rd8 96. Ne2 Kh4 97. Nc3 Kg3
98. Nd5 Rd6 99. f4 Rxd5 100. exd5 exf4+ 101. Kd2 f3 102. d6 f2 103. d7 f1=Q 104.
d8=Q Qf4+ 105. Kd3 Qf1+ 106. Kd2 Qf2+ 107. Kd1 Qf3+ 108. Kd2 Qf4+ 109. Ke2 Qc4+
110. Kd2 f5 111. Qb8+ Kf2 112. Qd6 f4 113. Qf6 Qb4+ 114. Kc2 Kg3 115. Qg6+ Kf2
116. Qa6 f3 117. Kd3 Qc5 118. Qb7 Kg3 119. Qh7 Qc1 120. Kd4 Qd2+ 121. Ke5 Qf4+
122. Kd5 f2 123. Qg8+ Qg4 124. Qb8+ Kg2 125. Qb2 Kg1 126. Qb6 Kf1 0-1

[Event "50th Sparkassen Open A"]
[Site "Dortmund GER"]
[Date "2023.07.02"]
[Round "9.4"]
[White "Aryan, Chopra"]
[Black "Raja, Rithvik R"]
[Result "1/2-1/2"]
[WhiteTitle "GM"]
[BlackTitle "GM"]
[WhiteElo "2626"]
[BlackElo "2488"]
[WhiteFideId "5084423"]
[BlackFideId "35007394"]
[EventDate "2023.06.24"]

1. c4 c5 2. Nf3 Nc6 3. Nc3 Nf6 4. d4 cxd4 5. Nxd4 e6 6. g3 Qb6 7. Nb3 Ne5 8. e4
Bb4 9. Qe2 d6 10. Bd2 O-O 11. O-O-O a5 12. f4 Ned7 13. e5 dxe5 14. fxe5 Ne8 15.
Bg2 a4 16. Na1 Ra5 17. Nc2 Rxe5 18. Qf3 Rf5 19. Nxa4 Bxd2+ 20. Rxd2 Qa7 21. Qb3
Ra5 22. Nc3 Nc5 23. Qb4 Nc7 24. Rhd1 b6 25. Rd6 Ra6 26. Nd4 Bb7 27. Nc6 Bxc6 28.
Bxc6 Qb8 29. a4 e5 30. Ne4 N7e6 31. Nxc5 Nxc5 32. Kb1 g6 33. Qc3 Nxa4 34. Qxe5
Nc5 35. Qe7 Qc8 36. Qf6 Qg4 37. Rd8 Ne6 38. Rxf8+ Nxf8 39. Rd4 Qe2 40. Bd5 Qe1+
41. Kc2 Ra7 42. Re4 Qb4 43. Rf4 Qa4+ 44. Kd2 Qb4+ 45. Ke2 Qe7+ 46. Qxe7 Rxe7+
47. Kd3 Nd7 48. b4 Kg7 49. Kd4 f5 50. Rf2 Re1 51. Ra2 Rd1+ 52. Kc3 Nf6 53. Bc6
Ne4+ 54. Bxe4 fxe4 55. Rd2 Re1 56. c5 bxc5 57. b5 e3 58. Rb2 e2 59. Kd3 c4+ 60.
Ke3 c3 61. Rxe2 Rb1 62. Rc2 1/2-1/2

[Event "50th Sparkassen Open A"]
[Site "Dortmund GER"]
[Date "2023.07.02"]
[Round "9.5"]
[White "Svane, Rasmus"]
[Black "Raja, Harshit"]
[Result "1-0"]
[WhiteTitle "GM"]
[BlackTitle "GM"]
[WhiteElo "2616"]
[BlackElo "2510"]
[WhiteFideId "4657101"]
[BlackFideId "5089000"]
[EventDate "2023.06.24"]

1. d4 Nf6 2. Nf3 e6 3. Bf4 d5 4. Nbd2 Bd6 5. Bg5 h6 6. Bxf6 Qxf6 7. e4 Qd8 8.
Bd3 c5 9. dxc5 Bxc5 10. Qe2 O-O 11. O-O Nc6 12. c3 a5 13. Rad1 a4 14. Rfe1 Bd7
15. Bb1 g6 16. b4 Bb6 17. a3 Qf6 18. c4 Nd4 19. Qe3 Nxf3+ 20. Qxf3 Qb2 21. c5
Bd8 22. exd5 exd5 23. Qxd5 Bg4 24. Nc4 Qg7 25. f3 Be6 26. Rxe6 fxe6 27. Qxe6+
Qf7 28. Qxf7+ Rxf7 29. Bxg6 Rg7 30. Be4 Bf6 31. Rd6 Bc3 32. Kf2 h5 33. g3 h4 34.
gxh4 1-0

[Event "50th Sparkassen Open A"]
[Site "Dortmund GER"]
[Date "2023.07.02"]
[Round "9.6"]
[White "Mendonca, Leon Luke"]
[Black "Seemann, Jakub"]
[Result "1-0"]
[WhiteTitle "GM"]
[BlackTitle "FM"]
[WhiteElo "2623"]
[BlackElo "2446"]
[WhiteFideId "35028561"]
[BlackFideId "21874697"]
[EventDate "2023.06.24"]

1. d4 Nf6 2. c4 g6 3. Nc3 Bg7 4. e4 d6 5. f3 O-O 6. Be3 c5 7. Nge2 Nc6 8. d5 Ne5
9. Ng3 e6 10. Be2 exd5 11. cxd5 h5 12. O-O Nh7 13. Qd2 h4 14. Nh1 f5 15. Nf2 Nf6
16. exf5 Bxf5 17. Bg5 h3 18. g4 Bd7 19. Nxh3 b5 20. Nxb5 Rb8 21. Nc3 Rb4 22. Kg2
Qb6 23. Rab1 Re8 24. Nf2 Rd4 25. Qc2 Nxd5 26. Nxd5 Rxd5 27. Rbe1 Kh8 28. Bd2 Bc6
29. Bc3 c4 30. Bxc4 Rd4 31. Bxd4 Qxd4 32. Be2 Rf8 33. Ne4 Ba8 34. Qd2 Qb6 35.
Qxd6 Qxb2 36. Qd2 Qb6 37. h3 Rd8 38. Qc1 Qa5 39. Rd1 Rf8 40. Qd2 Qa3 41. Rb1 a5
42. Rb5 Nc6 43. Rb3 Qe7 44. Qg5 Qe6 45. Qh4+ Kg8 46. Rc1 1-0